000 01009nam a22003137a 4500
001 BR9402370
003 BR-BrBNA
005 20230928094002.0
007 ta
008 230509b bl.||||| |||| 00| 0 por d
040 _aBR-BrBNA
_bpor
_cBiblioteca Nacional de Agricultura
041 _a(Por)
072 _aF30; F03
_b0336
_b3575
090 _ 0336 BR9402370
100 1 _aCosta, D.
110 1 _aUniversidade Federal de Vicosa, MG (Brasil)
_0Tese (Magister Scientiae)
245 1 _aEfeito de misturas de cultivares de soja (Glycine max (L.)Merril)em algumas caracteristicas agronomicas e na qualidade de sementes
260 3 _aVicosa, MG (Brasil):
_c1994.
300 _a82 p.
500 _a5 illus.; 17 tables; Summary (Por); Bibliography p. 71-79 (100 ref.)
650 _aSoja
650 _aSemente
650 _aVariedade
650 _aCaracteristicas Agronomicas
650 _aPoder Germinativo
650 _aAnalise Qualitativa
909 _a202309
_bLucia
_c55
_dLucia Elande
942 _cBK
999 _c48287
_d48287